00630nam a22001457a 450000500170000000800410001702000180005804000090007610000250008524502050011026000410031530000180035649000210037450500890039520240611132351.0240611b ||||| |||| 00| 0 eng d a9788419474568 aCDMR aBalanzó, Emili de  aXerrar boig b: recull d'articles / cEmili de Balanzó ; presentació de Josefina Salord ; pròleg d'Àlex Susanna ; selecció i revisió dels articles Enric de Balanzó i Xavier de Balanzó  aBarcelona : bViena Edicions, c2024 a323 pàgines aNarrativa v; 93 aArticles publicats als diaris "Última hora" i "Menorca" entre els anys 2012 i 2020